Central Library OPAC University of Rajshahi

First in their hearts : (Record no. 23951)

MARC details
000 -LEADER
fixed length control field 01168cam a2200301 4500
001 - CONTROL NUMBER
control field 23951
003 - CONTROL NUMBER IDENTIFIER
rucl marc code BD-RjUL
005 - DATE AND TIME OF LATEST TRANSACTION
control field 20211209001006.0
008 - FIXED-LENGTH DATA ELEMENTS--GENERAL INFORMATION
fixed length control field 140312s19711968nyuabchj b 000 0beng
035 ## - SYSTEM CONTROL NUMBER
System control number (BD-RjUL)24016
040 ## - CATALOGING SOURCE
Original cataloging agency DLC
Transcribing agency DLC
Modifying agency DLC
Language of cataloging eng
041 ## - LANGUAGE CODE
Language code of text/sound track or separate title eng
082 00 - DEWEY DECIMAL CLASSIFICATION NUMBER
Classification number 973.410924
Author mark and year FLF 1971
100 1# - MAIN ENTRY--PERSONAL NAME
Personal name Fleming, Thomas J.
9 (RLIN) 52291
245 10 - TITLE STATEMENT
Title First in their hearts :
Remainder of title a biography of George Washington /
Statement of responsibility, etc. [by] Thomas J. Fleming. Illustrated with photos. and engravings.
250 ## - EDITION STATEMENT
Edition statement [1st ed.]
260 ## - PUBLICATION, DISTRIBUTION, ETC. (IMPRINT)
Place of publication, distribution, etc. New York :
Name of publisher, distributor, etc. W. W. Norton,
Date of publication, distribution, etc. C1968 [Edition 1971]
300 ## - PHYSICAL DESCRIPTION
Pagination 136 p. :
Illustrations illus., facsims., map, ports. ;
Size 24 cm.
504 ## - BIBLIOGRAPHY, ETC. NOTE
Bibliography, etc Bibliography: p. 132-133.
520 ## - SUMMARY, ETC.
Summary, etc. A biography of the surveyor, militia major, and aide to the British General Braddock, who became leader of the American forces during the Revolution and first President of the new nation.
600 10 - SUBJECT ADDED ENTRY--PERSONAL NAME
Personal name Washington, George,
Dates associated with a name 1732-1799.
Personal name Washington, George,
Dates associated with a name 1732-1799.
650 #0 - SUBJECT ADDED ENTRY--TOPICAL TERM
Topical term or geographic name as entry element Presidents
Geographic subdivision United States
General subdivision Biography.
9 (RLIN) 73259
Topical term or geographic name as entry element Presidents.
9 (RLIN) 73744
942 ## - ADDED ENTRY ELEMENTS (KOHA)
Source of classification or shelving scheme Dewey Decimal Classification
Koha item type Books
Holdings
Lost status Source of classification or shelving scheme Damaged status Not for loan Collection code Permanent Location Current Location Shelving location Date acquired Source of acquisition Cost, normal purchase price Total Checkouts Full call number Date last seen Copy number Koha item type
  Dewey Decimal Classification   Added to bundle Non-fiction Central Library, University of Rajshahi Central Library, University of Rajshahi Reading Room 25/08/1976 U. S. I. S. 0.00   973.410924 FLF 1971 12/03/2014 C-1 Books